Statistics for Noah Kahan - Growing Sideways Lyrics

Click here to take the quiz!

General Stats

  • This quiz has been taken 197 times
  • The average score is 308 of 348

Answer Stats

Answer% Correct
I
99%
a
98%
me
98%
my
98%
And
97%
and
97%
"I'm
97%
I'm
97%
to
97%
On
96%
on
96%
for
95%
in
95%
sideways
95%
so
95%
So
95%
the
95%
at
94%
At
94%
medication
94%
took
94%
we
94%
what
94%
about
93%
couch
93%
middle
93%
out
93%
But
92%
forget
92%
Jesus
92%
leather
92%
some
92%
aged
91%
alive
91%
are
91%
argued
91%
day
91%
first
91%
found
91%
ignore
91%
it
91%
know
91%
move
91%
of
91%
place
91%
poured
91%
sad
91%
said
91%
there
91%
things
91%
trauma
91%
ways
91%
worse
91%
end
90%
ground
90%
growing
90%
new
90%
'Til
90%
did
89%
finally
89%
man's
89%
stay
89%
anger
88%
around
88%
felt
88%
heart
88%
I'll
88%
into
88%
it's
88%
liver
88%
parents
88%
rest
88%
still
88%
their
88%
them
88%
angry
87%
cured"
87%
overpriced
87%
parts
87%
bad
86%
go
86%
Keep
86%
if
85%
be
84%
empty
84%
guess
84%
now
84%
that
84%
thirty
84%
up
84%
drive
83%
engine
83%
have
83%
perfect
83%
shit
83%
everyone's
82%
healthy
82%
Lulu
82%
never
82%
Spent
82%
style
82%
divvied
81%
eyed
81%
met
81%
might
81%
savings
81%
start
81%
sufferin'
81%
terrified
81%
works
81%
fell
80%
was
80%
all
79%
high
79%
Oh
79%
feel
78%
separate
78%
'Cause
77%
die
77%
got
77%
is
77%
Why
77%
damn
76%
impatient?
76%
like
76%
manic
75%
than
75%
better
74%
forgot
74%
life
74%
numb
74%
wasted
74%
don't
73%
pain
73%
mind
72%
watch
71%
time
70%
knows
69%
rushin'
69%
Keeps
68%
Lord
68%
Yeah
57%
Ain't
52%

Score Distribution

Percentile by Number Answered

Percent of People with Each Score

Your Score History

You have not taken this quiz